Legend of Zelda Games by Title: Sudden Death - Statistics

General Stats
  • This quiz has been taken 136 times
  • The average score is 14 of 16
Answers on the Grid
Answers color-coded by a green-red scale on the quiz's grid according to % correct below.
A Link Between Worlds
A Link to the Past
A Promise Unforgotten
Breath of Fire
Breath of the Wild
Crystal Chronicles
Dirge of Cerberus
Echoes of Wisdom
Forgotten Sands
Four Swords Adventures
Lost Frontier
Majora's Mask
Minish Cap
Ocarina of Time
Oracle of Ages
Oracle of Seasons
Phantom Brave
Phantom Hourglass
Rise of the Sinistrals
Secret of Evermore
Silver Star Story
Skyward Sword
Spirit Tracks
Tales of Symphonia
Tears of the Kingdom
Thousand Year Door
Three Houses
Till the End of Time
Treasures of King Nole
Twilight Princess
Wild Hunt
Wind Waker
 
Answer Stats
Answer % Correct
Ocarina of Time
98%
Majora's Mask
97%
Breath of the Wild
96%
Tears of the Kingdom
95%
A Link to the Past
94%
Twilight Princess
94%
Skyward Sword
93%
A Link Between Worlds
92%
Wind Waker
91%
Four Swords Adventures
86%
Minish Cap
85%
Phantom Hourglass
84%
Oracle of Seasons
82%
Echoes of Wisdom
81%
Oracle of Ages
80%
Spirit Tracks
78%
No matching quizzes found
Score Distribution
Percent of People with Each Score
Percentile by Number Answered
Your Score History
You have not taken this quiz